000 00782nam a22001577a 4500
003 OSt
005 20160323142355.0
008 160323b xxu||||| |||| 00| 0 eng d
040 _cRUA
082 _aAGR HEA 2012 B471 Or.1
100 _98146
_aHEA VUTHY ; ហ៊ា វុទ្ធី
245 _aEffects of herbiside on ir 66 rice variety in dry season at the royal university of agriculture, ឥទ្ធពលថ្នាំសម្លាប់ស្មៅចង្រៃលើពូជស្រូវអ៊ីអ៊ែរ ៦៦ ក្នុងលក្ខណ្ឌរដូវប្រំាង នៅសាកលវិទ្យាល័យភូមិន្ទកសិកម្ម
260 _aPhnom Penh
_bRUA
_c2012
300 _axi ;58p.
_bill.
_c29cm.
942 _2ddc
_cAGR
999 _c7759
_d7759